[Event "Stare Mesto op"]
[Site "Stare Mesto"]
[Date "2016.08.08"]
[Round "5"]
[White "Macura, Emil"]
[Black "Brazdil, Roman"]
[Result "0-1"]
[WhiteElo "1985"]
[BlackElo "2166"]
[PlyCount "80"]
[EventDate "2016.08.05"]
[EventType "swiss"]
[EventRounds "10"]
[EventCountry "CZE"]
[SourceTitle "CBM 173 Extra"]
[Source "ChessBase"]
[SourceDate "2016.08.29"]
[SourceVersion "1"]
[SourceVersionDate "2016.08.29"]
[SourceQuality "1"]

1. d4 Nf6 2. Nf3 e6 3. c4 d5 4. Nc3 c6 5. e3 Bd6 6. Bd3 Nbd7 7. Qc2 dxc4 8. Bxc4 e5 9. dxe5 Nxe5 10. Be2 0-0 11. Bd2 Qc7 12. h3 Nxf3+ 13. Bxf3 Be6 14. 0-0 Rad8 15. Rfe1 Rfe8 16. Rac1 Qb8 17. e4 Bc4 18. Be2 Bxe2 19. Rxe2 Be5 20. Be3 Bxc3 21. bxc3 Rxe4 22. Bg5 Rxe2 23. Qxe2 Re8 24. Qf3 Qe5 25. Bxf6 Qxf6 26. Qxf6 gxf6 27. Kf1 Re5 28. Rd1 Ra5 29. Rd2 Ra3 30. Rc2 Kf8 31. Ke2 Ke7 32. Kd3 Kd6 33. Ke4 Ke6 34. Kd3 b5 35. Ke4 Ra4+ 36. Kd3 c5 37. Rd2 Ra3 38. f4 b4 39. Rc2 Kd5 40. Ke3 Kc4 0-1

[Event "CZE-ch Seniors 70"]
[Site "Rychnov nad Kneznou"]
[Date "2015.08.18"]
[Round "4"]
[White "Macura, Emil"]
[Black "Abraham, Karel"]
[Result "1-0"]
[WhiteElo "2016"]
[BlackElo "1776"]
[PlyCount "81"]
[EventDate "2015.08.15"]
[EventType "swiss"]
[EventRounds "9"]
[EventCountry "CZE"]
[SourceTitle "EXT 2016"]
[Source "ChessBase"]
[SourceDate "2015.10.08"]
[SourceVersion "1"]
[SourceVersionDate "2015.10.08"]
[SourceQuality "1"]

1. d4 Nf6 2. Nd2 d5 3. Ngf3 e6 4. e3 c5 5. c3 cxd4 6. exd4 Be7 7. Bd3 0-0 8. Ne5 Re8 9. Ndf3 Nfd7 10. Qe2 f6 11. Nxd7 Bxd7 12. Qc2 f5 13. g4 e5 14. Nxe5 Bf6 15. f4 Bxe5 16. fxe5 Qh4+ 17. Qf2 Qxf2+ 18. Kxf2 fxg4 19. Kg3 Rf8 20. Be2 h5 21. Bg5 Nc6 22. b4 Nd8 23. Bxd8 Raxd8 24. Rhf1 Bf5 25. c4 g5 26. c5 h4+ 27. Kg2 Be4+ 28. Kg1 Bf3 29. Bxf3 gxf3 30. h3 Rf4 31. Rad1 Rdf8 32. Kf2 Re4 33. Rfe1 g4 34. hxg4 Rxg4 35. Rg1 Rff4 36. Rxg4+ Rxg4 37. Kxf3 Rg3+ 38. Kf4 Ra3 39. Rd2 h3 40. e6 Kf8 41. Ke5 1-0

[Event "IPCA Wch 15th"]
[Site "Bratislava"]
[Date "2015.06.21"]
[Round "4"]
[White "Macura, Emil"]
[Black "Tsapalin, Sergey"]
[Result "0-1"]
[WhiteElo "2006"]
[BlackElo "2023"]
[PlyCount "64"]
[EventDate "2015.06.19"]
[EventType "swiss"]
[EventRounds "9"]
[EventCountry "SVK"]
[SourceTitle "CBM 167 Extra"]
[Source "ChessBase"]
[SourceDate "2015.09.14"]
[SourceVersion "1"]
[SourceVersionDate "2015.09.14"]
[SourceQuality "1"]

1. Nf3 f5 2. d4 Nf6 3. g3 g6 4. Bg2 Bg7 5. 0-0 0-0 6. c4 d6 7. Qb3 Kh8 8. Nc3 Nc6 9. Nd5 e6 10. Nxf6 Qxf6 11. d5 Nd8 12. Rb1 e5 13. Bd2 Nf7 14. e3 g5 15. Ne1 f4 16. exf4 gxf4 17. f3 b6 18. Rc1 fxg3 19. hxg3 Qg6 20. Kf2 Ng5 21. Ke2 e4 22. f4 Bg4+ 23. Kf2 Rae8 24. Be3 Nf7 25. Nc2 Ne5 26. Bd4 Nd3+ 27. Kg1 Nxc1 28. Rxc1 Bxd4+ 29. Nxd4 Qg7 30. Qe3 Rg8 31. Kf2 Bf3 32. Rh1 Qxg3+ 0-1

[Event "Stare Mesto op"]
[Site "Stare Mesto"]
[Date "2014.08.15"]
[Round "9"]
[White "Macura, Emil"]
[Black "Mojzis, Jaroslav"]
[Result "0-1"]
[WhiteElo "2031"]
[BlackElo "2137"]
[PlyCount "90"]
[EventDate "2014.08.08"]
[EventType "swiss"]
[EventRounds "10"]
[EventCountry "CZE"]
[SourceTitle "CBM 162 Extra"]
[Source "ChessBase"]
[SourceDate "2014.10.17"]
[SourceVersion "1"]
[SourceVersionDate "2014.10.17"]
[SourceQuality "1"]

1. d4 Nf6 2. Nf3 e6 3. Bg5 c5 4. c3 b6 5. e3 Be7 6. Nbd2 Bb7 7. Bd3 d6 8. 0-0 Nbd7 9. Qe2 0-0 10. h3 Nd5 11. Bf4 Nxf4 12. exf4 g6 13. Rfe1 Re8 14. g3 Qc7 15. h4 Nf6 16. Ne4 Nxe4 17. Bxe4 Bf6 18. Rad1 Rab8 19. Bxb7 Qxb7 20. Ng5 cxd4 21. Ne4 Be7 22. Rxd4 d5 23. Ng5 Bf6 24. Rd2 b5 25. Nf3 b4 26. cxb4 Qxb4 27. Ne5 Bxe5 28. fxe5 Rec8 29. Qd3 h5 30. Ree2 Rc4 31. a3 Qa4 32. Rc2 Rbc8 33. Rxc4 Rxc4 34. Kg2 a5 35. Rd2 Qc6 36. Qf3 a4 37. Qd3 Rc1 38. Rd1 Rc2 39. Rd2 d4+ 40. Kg1 Rc4 41. Rd1 Qc5 42. Qe4 Rc1 43. Qd3 Rxd1+ 44. Qxd1 Qxe5 45. Kg2 Qd5+ 0-1

[Event "Ostrava Seniors op"]
[Site "Ostrava"]
[Date "2014.04.30"]
[Round "5"]
[White "Krouzel, Jaroslav"]
[Black "Macura, Emil"]
[Result "0-1"]
[WhiteElo "2135"]
[BlackElo "1997"]
[PlyCount "104"]
[EventDate "2014.04.26"]
[EventType "swiss"]
[EventRounds "9"]
[EventCountry "CZE"]
[SourceTitle "CBM 160 Extra"]
[Source "ChessBase"]
[SourceDate "2014.07.01"]
[SourceVersion "1"]
[SourceVersionDate "2014.07.01"]
[SourceQuality "1"]

1. d4 Nf6 2. c4 g6 3. Nc3 Bg7 4. e4 d6 5. Be2 Nbd7 6. Bg5 h6 7. Be3 e5 8. d5 Nc5 9. f3 a5 10. Qd2 Bd7 11. g4 h5 12. g5 Ng8 13. 0-0-0 Ne7 14. h4 b6 15. Nh3 Nc8 16. f4 Qe7 17. Bf3 Na7 18. Qc2 exf4 19. Nxf4 0-0-0 20. Bxc5 bxc5 21. Rhe1 Be5 22. Nd3 f6 23. gxf6 Qxf6 24. Rf1 Qxh4 25. Nxe5 Qg5+ 26. Qd2 Qxe5 27. Ne2 a4 28. Rg1 Rdg8 29. Rg5 Qf6 30. Rf1 a3 31. Bg2 Qxb2+ 32. Qxb2 axb2+ 33. Kxb2 Kb8 34. Rf6 Be8 35. Bh3 Rf8 36. Rxf8 Rxf8 37. Kc2 Rf3 38. Be6 Nc8 39. Rg3 Rxg3 40. Nxg3 h4 41. Nf1 Nb6 42. Ne3 Nd7 43. Kd2 Ne5 44. Ke2 Kb7 45. Kf2 Kb6 46. Kg2 Ka5 47. Kh3 g5 48. Ng4 Bh5 49. Nf6 Be2 50. Nh7 Bf1+ 51. Kh2 g4 52. Nf6 g3+ 0-1

[Event "CZE-chT2E 1314"]
[Site "Czech Republic"]
[Date "2014.03.23"]
[Round "10.5"]
[White "Malcanek, Jan"]
[Black "Macura, Emil"]
[Result "1-0"]
[WhiteElo "2058"]
[BlackElo "2002"]
[PlyCount "89"]
[EventDate "2013.11.03"]
[EventType "team-tourn"]
[EventRounds "11"]
[EventCountry "CZE"]
[SourceTitle "EXT 2016"]
[Source "ChessBase"]
[SourceDate "2015.10.08"]
[SourceVersion "1"]
[SourceVersionDate "2015.10.08"]
[SourceQuality "1"]
[WhiteTeam "Kromeriz Slavia II"]
[BlackTeam "Napajedla"]
[WhiteTeamCountry "CZE"]
[BlackTeamCountry "CZE"]

1. e4 e5 2. Nc3 Nc6 3. g3 g6 4. Bg2 Bg7 5. Nge2 Nge7 6. 0-0 d6 7. Nd5 Nxd5 8. exd5 Ne7 9. d4 exd4 10. Nxd4 0-0 11. Qd3 Bd7 12. Bg5 h6 13. Bd2 c5 14. dxc6 bxc6 15. Bc3 Rc8 16. Rad1 d5 17. Nb3 Bf5 18. Qd2 Bxc3 19. Qxc3 Re8 20. Nc5 Qd6 21. h3 h5 22. Rd2 Kh7 23. g4 hxg4 24. hxg4 Bxg4 25. Ne4 Qf4 26. Nf6+ Kh6 27. Qe3 Qxe3 28. Nxg4+ Kg5 29. Nxe3 f5 30. f4+ Kf6 31. c4 Rcd8 32. Rfd1 Nc8 33. Kf2 Nd6 34. cxd5 Rxe3 35. Kxe3 Nc4+ 36. Kd4 Nxd2 37. Rxd2 g5 38. fxg5+ Kxg5 39. Kc5 cxd5 40. Rxd5 Rc8+ 41. Kd6 Rc2 42. Be4 Rxb2 43. Rxf5+ Kg4 44. Ra5 Kf4 45. Bc6 1-0

[Event "Kouty nad Desnou op-F"]
[Site "Kouty nad Desnou"]
[Date "2013.03.13"]
[Round "6"]
[White "Vlckova, Katerina"]
[Black "Macura, Emil"]
[Result "1-0"]
[WhiteElo "1853"]
[BlackElo "2008"]
[PlyCount "57"]
[EventDate "2013.03.09"]
[EventType "swiss"]
[EventRounds "9"]
[EventCountry "CZE"]
[SourceTitle "EXT 2015"]
[Source "ChessBase"]
[SourceDate "2014.11.20"]
[SourceVersion "1"]
[SourceVersionDate "2014.11.20"]
[SourceQuality "1"]

1. d4 Nf6 2. c4 g6 3. Nc3 Bg7 4. Nf3 d6 5. g3 Nbd7 6. Bg2 c6 7. 0-0 0-0 8. Re1 e5 9. e4 Re8 10. h3 Qc7 11. b3 a6 12. Bb2 Nf8 13. Qc2 Bd7 14. Rad1 Rad8 15. Qc1 h6 16. Ba3 Bc8 17. Re2 g5 18. Red2 exd4 19. Nxd4 c5 20. Nf5 Bxf5 21. exf5 Re5 22. Nd5 Nxd5 23. Rxd5 Rxd5 24. Rxd5 Nh7 25. Qd2 Bd4 26. Bb2 Nf6 27. Rxd4 cxd4 28. Qxd4 Qe7 29. Qxf6 1-0

[Event "Rychnov Seniors op"]
[Site "Rychnov nad Kneznou"]
[Date "2012.08.26"]
[Round "7"]
[White "Macura, Emil"]
[Black "Pavlu, Jiri"]
[Result "1-0"]
[WhiteElo "2073"]
[BlackElo "1880"]
[PlyCount "64"]
[EventDate "2012.08.20"]
[EventType "swiss"]
[EventRounds "9"]
[EventCountry "CZE"]
[SourceTitle "CBM 150 Extra"]
[Source "ChessBase"]
[SourceDate "2012.10.19"]
[SourceVersion "1"]
[SourceVersionDate "2012.10.19"]
[SourceQuality "1"]

1. d4 d5 2. Nf3 Nf6 3. e3 Bg4 4. Nbd2 e6 5. h3 Bh5 6. c3 Bd6 7. Qb3 Qc8 8. Bd3 Bg6 9. c4 c6 10. Ne5 Bxd3 11. Qxd3 Nbd7 12. f4 Nh5 13. 0-0 Ndf6 14. c5 Be7 15. b4 Ng3 16. Rf3 Nge4 17. Nb3 0-0 18. a4 a6 19. Ba3 Nd7 20. Rff1 Bh4 21. Nf3 Qd8 22. Na5 Rb8 23. Nxh4 Qxh4 24. b5 axb5 25. axb5 Rfc8 26. Rab1 Qd8 27. Bb4 Qc7 28. Rfc1 Ra8 29. Ra1 Rcb8 30. Rcb1 Qc8 31. Be1 Qc7 32. Ra3 h6 1-0

[Event "Tabor op"]
[Site "Tabor"]
[Date "2012.08.05"]
[Round "9"]
[White "Macura, Emil"]
[Black "Sedivy, Karel"]
[Result "1-0"]
[WhiteElo "2073"]
[BlackElo "1884"]
[PlyCount "60"]
[EventDate "2012.07.29"]
[EventType "swiss"]
[EventRounds "9"]
[EventCountry "CZE"]
[SourceTitle "EXT 2013"]
[Source "ChessBase"]
[SourceDate "2012.11.22"]
[SourceVersion "1"]
[SourceVersionDate "2012.11.22"]
[SourceQuality "1"]

1. d4 Nf6 2. Nf3 g6 3. e3 Bg7 4. Bd3 0-0 5. 0-0 d5 6. Ne5 Nbd7 7. f4 Nxe5 8. fxe5 Bg4 9. Qe1 Ne8 10. Qg3 Be6 11. Nd2 c5 12. c3 Qc7 13. Nf3 c4 14. Bc2 f5 15. Bd2 Bd7 16. Qh4 e6 17. g4 Qd8 18. Qh3 Nc7 19. Qg3 Kh8 20. Kf2 Qe7 21. Ke2 Rg8 22. Rg1 Bh6 23. Rg2 g5 24. Qh3 Qg7 25. Rag1 Qf8 26. gxf5 g4 27. Rxg4 Rxg4 28. Rxg4 exf5 29. Rh4 f4 30. Qxd7 fxe3 1-0

[Event "Tabor op"]
[Site "Tabor"]
[Date "2012.07.30"]
[Round "2"]
[White "Michalek, Jan"]
[Black "Macura, Emil"]
[Result "1-0"]
[WhiteElo "2327"]
[BlackElo "2073"]
[PlyCount "67"]
[EventDate "2012.07.29"]
[EventType "swiss"]
[EventRounds "9"]
[EventCountry "CZE"]
[SourceTitle "EXT 2013"]
[Source "ChessBase"]
[SourceDate "2012.11.22"]
[SourceVersion "1"]
[SourceVersionDate "2012.11.22"]
[SourceQuality "1"]

1. Nf3 Nf6 2. g3 d6 3. Bg2 e5 4. d3 Be7 5. 0-0 0-0 6. c4 c6 7. Nc3 Na6 8. Rb1 Qc7 9. b4 d5 10. b5 Nc5 11. bxc6 bxc6 12. cxd5 Nxd5 13. Nxd5 cxd5 14. Bb2 Nd7 15. Qb3 Qd6 16. Rfc1 Rb8 17. Qa4 Rb6 18. Qxa7 Ra6 19. Qc7 Qxc7 20. Rxc7 Bd6 21. Rcc1 Rxa2 22. Bh3 f5 23. Bxf5 Rxf5 24. Rxc8+ Kf7 25. Kg2 h6 26. Nd2 Ke6 27. e4 Rf8 28. Rxf8 Bxf8 29. exd5+ Kxd5 30. Ne4 Ra6 31. Bc1 Rb6 32. Rxb6 Nxb6 33. Be3 Nc4 34. Nc3+ 1-0

[Event "Tabor op"]
[Site "Tabor"]
[Date "2012.07.29"]
[Round "1"]
[White "Macura, Emil"]
[Black "Hellinger, Jan"]
[Result "1-0"]
[WhiteElo "2073"]
[BlackElo "1633"]
[PlyCount "79"]
[EventDate "2012.07.29"]
[EventType "swiss"]
[EventRounds "9"]
[EventCountry "CZE"]
[SourceTitle "EXT 2013"]
[Source "ChessBase"]
[SourceDate "2012.11.22"]
[SourceVersion "1"]
[SourceVersionDate "2012.11.22"]
[SourceQuality "1"]

1. d4 d5 2. Nf3 Nf6 3. Nbd2 e6 4. c4 Nbd7 5. e3 c5 6. b3 g6 7. Bb2 Bg7 8. Be2 0-0 9. 0-0 a6 10. dxc5 Qa5 11. cxd5 exd5 12. Qc1 Re8 13. Bd4 Re6 14. a3 Qc7 15. b4 Rc6 16. Qb2 h6 17. Rac1 Re6 18. Rfd1 Nh5 19. Nb3 Bxd4 20. Nbxd4 Re8 21. c6 Nf8 22. a4 b6 23. h3 Ng7 24. b5 a5 25. Bd3 Nfe6 26. Qd2 Kh7 27. Re1 Nc5 28. Bc2 Ne4 29. Qe2 Nh5 30. Nh2 Nhf6 31. Qf3 Kg7 32. Red1 Re5 33. Nf1 Rg5 34. Qf4 Ra7 35. Kh2 Rh5 36. g3 Nxg3 37. Qxg3 Qe7 38. Qb8 Rc7 39. Qxb6 Qd6+ 40. f4 1-0